000 00542nam a2200217Ia 4500
999 _c60267
_d60267
003 0100
005 20170802092044.0
008 130303s9999 xx 000 0 und d
040 _cARRUPELIB
050 _aB833.N4 1978
100 _aJarrett, Charles E. (ed.) (et al.)
_934347
245 _aNew essays on rationalism and empiricism
260 _bCannadian Association
_aOntario
_c1978
300 _a218p.
300 _b 23cm.
650 _aRationalism
_xEmpiricism
_934348
942 _2lcc
_cMONOGRAPH